Cuestiones de Metafísica.

Сохранить в:
Библиографические подробности
Главный автор: Prades, Josep L. (coordinador y autor)
Другие авторы: Campdelacreu Arquès, Marta (autora), García-Encinas, María José (autora), Moya Espí, Carlos J. (autor), Pagès Martínez, Joan (autor), Pineda Oliva, David (autor), Roca Royes, Sònia (autora), Rychter Miras, Pablo (autor), Sanfélix Vidarte, Vicente (autor), Vicente Benito, Agustín (autor), Zalabardo García-Muro, José Luis (autor)
Формат: Неизвестно
Язык:английский
Опубликовано: Madrid, España: Tecnos, 2015
Серии:Serie de Filosofía de la Sociedad Española de Filosofía Analítica
Предметы:
Метки: Добавить метку
Нет меток, Требуется 1-ая метка записи!

MARC

LEADER 00000 a2200000 4500
003 CL-VaPUC
005 20230116175522.0
008 220414b2015 ||||| |||| 00| 0 eng d
999 |c 434644  |d 434642 
020 |a 978-8430966219 
040 |c Pontificia Universidad Católica de Valparaíso 
082 7 |a 110 PRA 2015  |2 22 
100 1 |a Prades, Josep L.  |e coordinador y autor  |9 879938 
245 1 |a Cuestiones de Metafísica. 
260 |a Madrid, España:  |b Tecnos,   |c 2015 
300 |a 443 páginas 
490 |a Serie de Filosofía de la Sociedad Española de Filosofía Analítica 
583 |k Cristina María Rojas Aguilar  |c 20220414 
650 0 |a Metafísica  |9 265649 
650 0 |a Análisis filosófico  |9 868519 
700 |a Campdelacreu Arquès, Marta  |e autora  |9 879932 
700 |a García-Encinas, María José  |e autora  |9 868521 
700 |a Moya Espí, Carlos J.  |e autor  |9 879933 
700 |a Pagès Martínez, Joan  |e autor  |9 879930 
700 |a Pineda Oliva, David  |e autor  |9 879934 
700 |a Roca Royes, Sònia  |e autora  |9 868526 
700 |a Rychter Miras, Pablo  |e autor  |9 879935 
700 |a Sanfélix Vidarte, Vicente  |e autor  |9 868528 
700 |a Vicente Benito, Agustín   |e autor  |9 879936 
700 |a Zalabardo García-Muro, José Luis   |e autor  |9 879937 
942 |2 ddc  |c BK 
952 |0 0  |1 0  |2 ddc  |4 0  |6 110_000000000000000_PRA_2015  |7 0  |8 A  |9 582585  |a BIBEDU  |b BIBEDU  |c GEN  |d 2022-04-13  |e 3  |g 31115.00  |i 5650588  |l 3  |o 110 PRA 2015  |p 5650588  |r 2023-08-08  |s 2023-08-03  |t 1  |v 31115.00  |w 2022-04-13  |y BK  |k FIL